Normal view MARC view
  • Khichi, Muhammad Aslam

Entry Personal Name

Number of records used in: 1

001 - CONTROL NUMBER

  • control field: 126854

003 - CONTROL NUMBER IDENTIFIER

  • control field: NUST

005 - DATE AND TIME OF LATEST TRANSACTION

  • control field: 20241111112029.0

008 - FIXED-LENGTH DATA ELEMENTS

  • fixed length control field: 241111|| aca||aabn | a|a d

040 ## - CATALOGING SOURCE

  • Original cataloging agency: NUST
  • Transcribing agency: NUST

100 ## - HEADING--PERSONAL NAME

  • Personal name: Khichi, Muhammad Aslam

670 ## - SOURCE DATA FOUND

  • Source citation: Work cat.: (NUST): Khichi, Muhammad Aslam, Pocket guide : , 2024.
© 2023 Central Library, National University of Sciences and Technology. All Rights Reserved.